000 00656nam a2200169 a 4500
008 211209s2011 ||||||||||||||||| || u
020 _a9781349320899
050 _aP 302 Dis
100 _aCrichton, Jonathan
245 1 0 _aDiscourses of Deficit
_cEdited by Christopher N. Candlin; Jonathan Crichton
260 _aUnited Kingdom
_bPalgrave Macmillan
_c2011
300 _aix,353 pages :illustrations
650 0 _aSCARCITY
650 0 _aDISCOURSE ANALYSIS
700 _aCandlin, Christopher N
995 _FCBU-MAIN LIBRARY (Kitwe)
_I116.43
_M1
_UAVAILABLE
_WDec 9, 2021
_ZMain Library Open Access Collection
999 _c40292
_d40292